• 首页
  • 本馆介绍
  • 公告通知
  • 最新文献
  • 馆藏检索
  • 电子资源
  • 读者导购
  • 参考咨询
  • 我的图书馆
  • 登录
  • 详细信息显示
  • 放入我的书架
  • 预约/预借图书
  • 作者相关作品
  • 分类相关作品
  • 丛书相关作品
  • 出版社相关作品

书目信息

  • 表格格式
  • 工作单格式
  • 卡片格式
题名:
问就问吧全集
    
 
作者: 刘元 主编
分册:  
出版信息: 哈尔滨   哈尔滨出版社  2009
页数: 18,433页
开本: 24cm
丛书名:
单 册:
中图分类: K203-49
科图分类:
主题词: 传统文化--中国--通俗读物 , 传统文化
电子资源:
ISBN: 978-7-80753-860-8
000 00810nam0 2200241 45
001 1138469828
005 20110419102755.95
010    @a978-7-80753-860-8@dCNY39.80
100    @a20110409d2009 em y0chiy0110 ea
101 0  @achi
102    @aCN@b230000
105    @aa z 000yy
106    @ar
200 1  @a问就问吧全集@AWen Jiu Wen Ba Quan Ji@f刘元主编@FLiu Yuan Zhu Bian
210    @a哈尔滨@c哈尔滨出版社@d2009
215    @a18,433页@c图@d24cm
330    @a本书集纳了大量的历史文化细节,内容涵盖中国传统文化的方方面面,归纳总结了近千个趣味问题,再现了中国传统社会厚重、独特、百态纷呈的生活景观。
606 0  @a传统文化@y中国@j通俗读物
606 0  @a传统文化
690    @aK203-49@v4
701  0 @a刘元@ALiu Yuan@c(出版策划)@4主编
801  0 @aCN@bTANGWEI@c20110419
905    @b0535977-81@dK203-49@e134@f5
    
    问就问吧全集/刘元主编.-哈尔滨:哈尔滨出版社,2009
    18,433页:图;24cm
    
    
    ISBN 978-7-80753-860-8:CNY39.80
    本书集纳了大量的历史文化细节,内容涵盖中国传统文化的方方面面,归纳总结了近千个趣味问题,再现了中国传统社会厚重、独特、百态纷呈的生活景观。
●
相关链接 在E读中查询图书 在五车中查询图书 在当当中查询图书 在豆瓣中查询图书


正题名:问就问吧全集     索取号:K203-49/134         预约/预借

序号 登录号 条形码 馆藏地/架位号 状态 备注
1 0535977   205359770   第二样本阅览室/ [索取号:K203-49/134] 在馆    
2 0535978   205359789   第二借阅区/ [索取号:K203-49/134] 在馆    
3 0535979   205359798   第二借阅区/ [索取号:K203-49/134] 在馆    
4 0535980   205359805   第二借阅区/ [索取号:K203-49/134] 在馆    
5 0535981   205359814   第二借阅区/ [索取号:K203-49/134] 在馆    
唐山师范学院图书馆 欢迎您!
大连网信软件有限公司© 版权所有